| 000 | 00518 a2200181 4500 | ||
|---|---|---|---|
| 003 | Nust | ||
| 005 | 20221020143218.0 | ||
| 020 | _a0894120026 | ||
| 040 | _cNust | ||
| 082 | _a005.82,FRI | ||
| 100 |
_aFriedman, William F. _9101016 |
||
| 245 |
_aElements of cryptanalysis _cWilliam F. Friedman |
||
| 260 |
_aCalifornia _bAegean Park Press _cc1976 |
||
| 300 | _a172 p. | ||
| 505 | _aPart 1: The Analysis of Ciphers (Page-6), Part 2: The Analysis of codes (Page-84-91). | ||
| 650 | _aCryptography | ||
| 942 |
_cREF _2ddc |
||
| 999 |
_c175979 _d175979 |
||